Mujer/Fempress/ (Record no. 4164)

MARC details
000 -LEADER
campo de control de longitud fija 01797nam a22003737a 4500
003 - IDENTIFICADOR DE NÚMERO DE CONTROL
campo de control OSt
005 - FECHA Y HORA DE LA ÚLTIMA TRANSACCIÓN
campo de control 20230817132324.0
008 - DATOS DE LONGITUD FIJA--INFORMACIÓN GENERAL
campo de control de longitud fija 221006b |||||||| |||| 00| 0 eng d
040 ## - FUENTE DE CATALOGACIÓN
Centro/agencia transcriptor Biblioteca Lado V
082 ## - NÚMERO DE LA CLASIFICACIÓN DECIMAL DEWEY
Número de clasificación 305
Número de ítem M953m
130 ## - ENTRADA PRINCIPAL--TÍTULO UNIFORME
9 (RLIN) 949
Título uniforme Mujer/Fempress
Lenguaje de la obra spa
245 ## - MENCIÓN DEL TÍTULO
Título Mujer/Fempress/
Resto del título Red de comunicación alternativa de la mujer/
260 ## - PUBLICACIÓN, DISTRIBUCIÓN, ETC.
Nombre del editor, distribuidor, etc. FEMPRESS
Fecha de publicación, distribución, etc. 1998
Lugar de publicación, distribución, etc. Chile
300 ## - DESCRIPCIÓN FÍSICA
Dimensiones 22x31cm
Extensión 29p.
490 ## - MENCIÓN DE SERIE
Designación de volumen o secuencia 1998
Mención de serie 199
505 ## - NOTA DE CONTENIDO CON FORMATO
Nota de contenido con formato Casi casi la hora de las mujeres<br/><br/>Mayor participación en poderes públicos<br/>
Título COLOMBIA
505 ## - NOTA DE CONTENIDO CON FORMATO
Nota de contenido con formato Leyes y Prejuicios
Título COSTA RICA
505 ## - NOTA DE CONTENIDO CON FORMATO
Nota de contenido con formato Mujeres en radio y televisión. <br/><br/>Una estrategia para el Cono Sur
Título URUGUAY
505 ## - NOTA DE CONTENIDO CON FORMATO
Nota de contenido con formato Box, otra arena de lucha por la igualdad<br/><br/>
Título MEXICO
505 ## - NOTA DE CONTENIDO CON FORMATO
Nota de contenido con formato Hillary Clinton. <br/><br/>Siglo XXI Desafíos y Esperanzas <br/><br/>Cumbre de los pueblos de las Américas<br/><br/>Alianza Social Continental<br/><br/><br/>
Título CHILE
505 ## - NOTA DE CONTENIDO CON FORMATO
Nota de contenido con formato Evita como modelo de subversión<br/><br/>Cuidar el cuerpo es tarea feminista<br/><br/>Irrumpen las talladoras
Título PUERTO RICO
505 ## - NOTA DE CONTENIDO CON FORMATO
Nota de contenido con formato Dos candidatas a la presidencia<br/><br/>Campaña de la ONU<br/><br/>Una vida sin violencia es un derecho nuestro
Título ECUADOR
505 ## - NOTA DE CONTENIDO CON FORMATO
Nota de contenido con formato El Patrimonio de Susana
Título ARGENTINA
505 ## - NOTA DE CONTENIDO CON FORMATO
Nota de contenido con formato Bella Abzug<br/><br/>Una gringa excepcional
Título INTERNACIONAL
505 ## - NOTA DE CONTENIDO CON FORMATO
Nota de contenido con formato Estado Venezolano demandado ante la OEA<br/><br/>Víctima de violencia y homicida
Título VENEZUELA
505 ## - NOTA DE CONTENIDO CON FORMATO
Nota de contenido con formato RECORTES
505 ## - NOTA DE CONTENIDO CON FORMATO
Nota de contenido con formato COMUNICANDONOS
650 ## - PUNTO DE ACCESO ADICIONAL DE MATERIA--TÉRMINO DE MATERIA
Fuente del encabezamiento o término Tesauro de Arte & Arquitectura
Término de materia o nombre geográfico como elemento de entrada MUJER
9 (RLIN) 703
650 ## - PUNTO DE ACCESO ADICIONAL DE MATERIA--TÉRMINO DE MATERIA
Fuente del encabezamiento o término Tesauro de Arte & Arquitectura
Término de materia o nombre geográfico como elemento de entrada COMUNICACIÓN
650 ## - PUNTO DE ACCESO ADICIONAL DE MATERIA--TÉRMINO DE MATERIA
Fuente del encabezamiento o término Tesauro de Arte & Arquitectura
Término de materia o nombre geográfico como elemento de entrada RED FEMENINA
650 ## - PUNTO DE ACCESO ADICIONAL DE MATERIA--TÉRMINO DE MATERIA
Fuente del encabezamiento o término Tesauro de Arte & Arquitectura
Término de materia o nombre geográfico como elemento de entrada CULTURA
651 ## - PUNTO DE ACCESO ADICIONAL DE MATERIA--NOMBRE GEOGRÁFICO
Fuente del encabezamiento o término Tesauro de Arte & Arquitectura
Nombre geográfico INTERNACIONAL
942 ## - ELEMENTOS DE ENTRADA SECUNDARIOS (KOHA)
Fuente del sistema de clasificación o colocación Clasificación Decimal Dewey
Tipo de ítem Koha Libros
Parte de la signatura que corresponde a la clasificación (Parte de la clasificación) 305
Parte de la signatura que identifica el ejemplar (Parte del ítem) M953m
Suprimir en OPAC No
Holdings
Estatus retirado Estado de pérdida Fuente del sistema de clasificación o colocación Especificación de materiales (volumen encuadernado u otra parte) Estado de daño No para préstamo Colección Biblioteca de origen Biblioteca actual Fecha de adquisición Enumeración/cronología de publicación seriada Número de inventario Total de préstamos Signatura topográfica completa Código de barras Visto por última vez Precio de reemplazo Tipo de ítem Koha
    Clasificación Decimal Dewey 1998     Revistas Biblioteca LadoV Biblioteca LadoV 17/08/2023 199 003080   305 M953m 003080 17/08/2023 17/08/2023 Libros